000 01692cam a22005774i 4500
003 PE-LiUPU
005 20250731170458.0
008 150616s r 000 0 d
035 _a(Sirsi) a5727
040 _aPE-LiUPU
_bspa
_cPE-LiUPU
_erda
049 _aPRUA
082 0 4 _a133
_bQ37
_221
100 1 _aQuevedo, Oscar G.,
_eautor.
245 1 0 _aQue es la Parapsicología.
264 1 _aBuenos Aires :
_bColumba,
_c1971.
300 _a133 páginas ;
_c19 cm.
336 _atext
_2rdacontent
337 _aunmediated
_2rdamedia
338 _avolume
_2rdacarrier
490 0 _aColección Esquemas ;
_v98
505 0 _aFenómenos extranormales de conocimientos.- Fenómenos de efectos mixtos.- Fenómenos supranormales.- Espiritismo.
526 _aSEG68
526 _aSEG70
526 _aSEG69
526 _aSEG67
526 _aSEG43
526 _aP144
526 _aP143
526 _aP131
526 _aP122
526 _aP120
526 _aP117
526 _aP112
526 _aP110
526 _aP106
526 _aP101
526 _aP80
526 _aP59
526 _aP54
526 _aP35
526 _aP33
526 _aP30
650 0 4 _aPARASICOLOGIA.
910 _ajck
_bjvq
_cjck
942 _2ddc
_cBOOK
949 _a133 Q37
_wDEWEY
_c1
_i39326
_lCCODEBUL1
_mBUL
_p00.00
_r0
_sY
_tBOOK
_u19951003
_xTEOLOGIA
_zUNKNOWN
_0COMPRA
_o.STAFF. Colección General
994 _aC0
_bPEPRU
596 _a1
999 _a133 Q37
_wDEWEY
_c56787
_i39326
_f2021-11-9
_g5
_lCCODEBUL1
_mBUL
_r0
_sY
_tBOOK
_u2015-6-16
_xTEOLOGIA
_zUNKNOWN
_0COMPRA
_o.STAFF. Colección General
_d56787
980 _81
_gALBERTO SANCHEZ Responsable de Automatización